[Event "Montecatini Terme ITA"]
[Site "GM"]
[Date "2000.07.31"]
[EventDate "2000.07.28"]
[Round "4"]
[Result "0-1"]
[White "Jeroen Piket"]
[Black "Vassily Ivanchuk"]
[WhiteElo "2649"]
[BlackElo "2719"]
[PlyCount "84"]

1. d4 Nf6 2. c4 e6 3. Nf3 b6 4. g3 Ba6 5. Qa4 Be7 6. Bg2 O-O
7. O-O c6 8. Ne5 b5 9. cxb5 cxb5 10. Qd1 d5 11. Nd2 b4 12. Re1
Qb6 13. Nb3 Nbd7 14. Bg5 Nxe5 15. Bxf6 Bxf6 16. dxe5 Bxe5
17. Qd2 Rac8 18. Rac1 h6 19. e4 dxe4 20. Bxe4 Bf6 21. Rxc8
Rxc8 22. Rc1 Rd8 23. Qc2 Bg5 24. Rd1 Rc8 25. Qb1 Bf6 26. Rd2
Bb5 27. Qd1 a5 28. Nd4 Bg5 29. f4 Bf6 30. Kg2 Be8 31. b3 a4
32. bxa4 Rc4 33. a5 Qxa5 34. Nb3 Qc7 35. Bf3 g5 36. fxg5 hxg5
37. Rf2 Kg7 38. Nd2 Rc1 39. Qb3 Bd4 40. Re2 Qc5 41. h3 Rg1+
42. Kh2 Qc1 0-1

[Event "34th Olympiad"]
[Site "Istanbul TUR"]
[Date "2000.11.04"]
[EventDate "2000.10.28"]
[Round "7"]
[Result "1-0"]
[White "Vassily Ivanchuk"]
[Black "Peter Leko"]
[WhiteElo "2719"]
[BlackElo "2743"]
[PlyCount "121"]

1. d4 Nf6 2. c4 g6 3. g3 c6 4. Bg2 d5 5. cxd5 cxd5 6. Nf3 Bg7
7. O-O O-O 8. Nc3 e6 9. b3 Nc6 10. e3 b6 11. Ba3 Re8 12. Qd3
a5 13. Rfc1 Ba6 14. Qd1 Rc8 15. Bf1 Bb7 16. Na4 Ne4 17. Bb5
Bf8 18. Bxf8 Rxf8 19. Qe2 Nb8 20. Rxc8 Bxc8 21. Rc1 Nd6
22. Bd3 Bd7 23. Ne5 Be8 24. Qg4 Bxa4 25. bxa4 Nd7 26. Nf3 Qb8
27. Qh4 Re8 28. Rc6 f6 29. Qg4 Kg7 30. h4 Nf8 31. Qf4 Rd8
32. g4 Ne8 33. Qxb8 Rxb8 34. g5 h6 35. Kg2 hxg5 36. hxg5 Kf7
37. gxf6 Kxf6 38. Ne5 Rb7 39. Rc8 Ke7 40. Bxg6 Nd6 41. Rc6 Nd7
42. Bd3 Nb8 43. Ng6+ Kd7 44. Rc1 Kd8 45. Nf4 Re7 46. Bb5 Nf5
47. Kf3 Ng7 48. a3 Rf7 49. Kg4 Nd7 50. Kg5 Nf8 51. Rc6 Rb7
52. Ba6 Ra7 53. Rc8+ Ke7 54. Bb5 Kf7 55. Bd3 Rb7 56. Ng6 Nh7+
57. Kf4 Nh5+ 58. Ke5 Ng5 59. Rh8 Nf3+ 60. Kd6 Nf6 61. Kc6 1-0

[Event "European Club Cup"]
[Site "Neum BIH"]
[Date "2000.09.26"]
[EventDate "2000.09.24"]
[Round "3"]
[Result "1-0"]
[White "Vassily Ivanchuk"]
[Black "Ivan Morovic-Fernandez"]
[WhiteElo "2719"]
[BlackElo "2608"]
[PlyCount "65"]

1. e4 c5 2. Nf3 d6 3. d4 cxd4 4. Nxd4 Nf6 5. Nc3 a6 6. Be2 e5
7. Nb3 Be7 8. O-O Be6 9. f4 Qc7 10. Kh1 Nbd7 11. a4 O-O 12. g4
Bxb3 13. cxb3 Nc5 14. g5 Nfxe4 15. Nd5 Qd8 16. b4 Nd7 17. Qc2
f5 18. Nc7 Rc8 19. Qb3+ Kh8 20. Ne6 Qe8 21. Nxf8 Bxf8 22. fxe5
Nxe5 23. Rxf5 g6 24. Rf4 Qc6 25. Bf3 Nxf3 26. Qxf3 Qxc1+
27. Rxc1 Rxc1+ 28. Kg2 Rc2+ 29. Kg1 Rc1+ 30. Qf1 Rxf1+
31. Kxf1 Nd2+ 32. Ke1 Be7 33. h4 1-0

[Event "ECC"]
[Site "Panormo GRE"]
[Date "2001.09.27"]
[EventDate "2001.09.22"]
[Round "5"]
[Result "1-0"]
[White "Vassily Ivanchuk"]
[Black "Alexander Beliavsky"]
[WhiteElo "2731"]
[BlackElo "2659"]
[PlyCount "111"]

1. d4 Nf6 2. Nf3 d5 3. c4 e6 4. Bg5 Be7 5. e3 h6 6. Bh4 O-O
7. Nbd2 Nbd7 8. Be2 c5 9. O-O cxd4 10. Nxd4 Ne5 11. Rc1 Nc6
12. N2f3 Bd7 13. Nxc6 Bxc6 14. Ne5 Qb6 15. Qc2 Rfc8 16. cxd5
Nxd5 17. Bh5 Rf8 18. Bxe7 Nxe7 19. Qc5 Qxc5 20. Rxc5 g6
21. Nxc6 bxc6 22. Bf3 Rfd8 23. Rc2 Rab8 24. g3 Kf8 25. Rfc1
Rb6 26. Re2 Ke8 27. Kf1 Rd7 28. Ke1 Kd8 29. Rc5 Kc7 30. Rec2
Rd6 31. Ra5 Kb7 32. Ra4 Rb5 33. Be2 Rb6 34. Rf4 f5 35. Rh4 Ng8
36. h3 g5 37. Ra4 Nf6 38. a3 Nd7 39. b4 Ne5 40. Rc3 Rd5 41. f4
gxf4 42. exf4 Nd7 43. Bf3 Rd6 44. Ra5 a6 45. Ke2 Rb5 46. Rd3
Rxd3 47. Kxd3 Kb6 48. g4 fxg4 49. hxg4 c5 50. Kc4 Rxa5
51. bxa5+ Kc7 52. a4 Kd6 53. Bb7 e5 54. g5 hxg5 55. fxg5 e4
56. Bxe4 1-0

[Event "FIDE GP"]
[Site "Moscow RUS"]
[Date "2002.06.05"]
[EventDate "2002.06.01"]
[Round "5.2"]
[Result "1-0"]
[White "Vassily Ivanchuk"]
[Black "Alexander Grischuk"]
[WhiteElo "2711"]
[BlackElo "2702"]
[PlyCount "94"]

1. d4 d5 2. c4 e6 3. Nc3 c5 4. cxd5 exd5 5. Nf3 Nc6 6. g3 Nf6
7. Bg2 Be7 8. O-O O-O 9. Bg5 c4 10. Ne5 Be6 11. f4 Ng4
12. Nxg4 Bxg4 13. Bxd5 Bxg5 14. fxg5 Qxg5 15. Rf4 Rad8 16. Qd2
h6 17. Rd1 Be6 18. Bg2 Bc8 19. Qe3 Ne7 20. d5 Nf5 21. Qxa7
Rfe8 22. Ne4 Qe7 23. Qb6 Nd6 24. Rdf1 f5 25. Nxd6 Rxd6 26. Qb4
Rdd8 27. Qxe7 Rxe7 28. Rxc4 Rxe2 29. Rfc1 Bd7 30. R4c2 Rxc2
31. Rxc2 Kf8 32. Re2 b5 33. Kf2 b4 34. Rd2 Ke7 35. d6+ Ke6
36. Ke3 Rc8 37. Bd5+ Ke5 38. Bb3 Rc1 39. Rd5+ Kf6 40. Kd4 Rb1
41. Re5 f4 42. Re7 fxg3 43. hxg3 Bg4 44. Rf7+ Kg6 45. Rf4 Kg5
46. Rxg4+ Kxg4 47. d7 Rxb2 1-0

[Event "FIDE GP"]
[Site "Dubai UAE"]
[Date "2002.04.07"]
[EventDate "2002.04.03"]
[Round "4.1"]
[Result "1-0"]
[White "Vassily Ivanchuk"]
[Black "Nigel Short"]
[WhiteElo "2717"]
[BlackElo "2663"]
[PlyCount "87"]

1. e4 e5 2. Nf3 Nc6 3. d4 exd4 4. Nxd4 Bc5 5. Nxc6 Qf6 6. Qd2
bxc6 7. Nc3 Ne7 8. Na4 Bd6 9. f4 Ng6 10. g3 O-O 11. Qe3 Re8
12. Bd2 Qe7 13. Bg2 Bb4 14. O-O-O Rb8 15. Rhe1 d6 16. Bxb4
Rxb4 17. Nc3 Rb6 18. h4 h6 19. Rd4 Nf8 20. Ra4 a6 21. Qd2 Nd7
22. Rd4 Nf6 23. e5 Ng4 24. Na4 Rb8 25. Bxc6 Bd7 26. Bxd7 Qxd7
27. b3 Qc6 28. Rc4 Qb7 29. Qc3 Re7 30. Kb2 Rbe8 31. exd6 cxd6
32. Rxe7 Qxe7 33. Rc8 Ne3 34. Rxe8+ Qxe8 35. Qd3 d5 36. Nc3
Qe6 37. h5 f5 38. a4 Kf7 39. a5 g6 40. hxg6+ Kxg6 41. Na4 Qf6+
42. Kb1 d4 43. Nc5 h5 44. Qxa6 1-0

[Event "5th Individual European Chess Championship"]
[Site "Antalya TUR"]
[Date "2004.05.28"]
[EventDate "2004.05.15"]
[Round "12"]
[Result "0-1"]
[White "Levon Aronian"]
[Black "Vassily Ivanchuk"]
[WhiteElo "2645"]
[BlackElo "2716"]
[PlyCount "162"]

1. d4 Nf6 2. c4 g6 3. Nf3 Bg7 4. g3 d5 5. cxd5 Nxd5 6. Bg2 Nb6
7. O-O Nc6 8. e3 O-O 9. Nc3 Re8 10. d5 Na5 11. Nd4 Bd7 12. b4
Nac4 13. a4 a5 14. b5 Qc8 15. Re1 e5 16. Nb3 c6 17. dxc6 bxc6
18. Ra2 cxb5 19. axb5 Ra7 20. Nd2 Nxd2 21. Bxd2 Be6 22. Rc2
Bb3 23. Bc6 Rd8 24. e4 Rc7 25. Nd5 Nxd5 26. exd5 Bxc2 27. Qxc2
Rxd5 28. Qa2 Rc5 29. Be3 R5xc6 30. bxc6 Rxc6 31. Qxa5 h5
32. h4 Bf6 33. Qd5 Qe6 34. Qxe6 Rxe6 35. Kg2 Be7 36. Rc1 Ra6
37. Rc8+ Kg7 38. Bc5 Bf6 39. Bf8+ Kh7 40. Rc7 Re6 41. Bb4 Kg7
42. Bc3 Re8 43. Rc6 Re6 44. Rxe6 fxe6 45. Kf1 e4 46. Bxf6+
Kxf6 47. Ke2 Ke5 48. Ke3 Kd5 49. Kf4 Kd4 50. g4 e5+ 51. Kg5
hxg4 52. Kxg4 Kd3 53. Kg5 Ke2 54. Kxg6 Kxf2 55. h5 e3 56. h6
e2 57. h7 e1=Q 58. h8=Q Qe4+ 59. Kf6 Qf3+ 60. Ke6 e4 61. Qb2+
Kg3 62. Qe5+ Qf4 63. Qa1 Kf2 64. Qd4+ Kg2 65. Qg7+ Kf3 66. Qa1
Qh6+ 67. Kd5 Qd2+ 68. Ke5 Qh2+ 69. Kf5 Qh3+ 70. Kg5 e3
71. Qf6+ Kg3 72. Qe5+ Kf2 73. Qd4 Qf3 74. Kh4 Qh1+ 75. Kg4
Qg2+ 76. Kh5 Qg3 77. Qc5 Qf4 78. Qb6 Kg3 79. Qg6+ Kh3 80. Qd3
Qe5+ 81. Kh6 Kg3 0-1

[Event "36th Olympiad"]
[Site "Calvia ESP"]
[Date "2004.10.17"]
[EventDate "2004.10.15"]
[Round "3.1"]
[Result "1-0"]
[White "Vassily Ivanchuk"]
[Black "David Navara"]
[WhiteElo "2705"]
[BlackElo "2620"]
[PlyCount "57"]

1. e4 c5 2. Nf3 d6 3. d4 cxd4 4. Nxd4 Nf6 5. Nc3 e6 6. Be3 Nc6
7. Bc4 Bd7 8. Bb3 Be7 9. Qe2 Nxd4 10. Bxd4 Bc6 11. O-O-O Qa5
12. f4 e5 13. Be3 O-O 14. g4 Bxe4 15. Rhg1 Rac8 16. g5 Rxc3
17. gxf6 Bxf6 18. bxc3 exf4 19. Bd4 Bxd4 20. Rxd4 Qxc3
21. Rxg7+ Kxg7 22. Rxe4 f3 23. Qe3 Qxe3+ 24. Rxe3 f2 25. Rf3
f5 26. Kd2 Rf6 27. Ke2 Rh6 28. Rxf5 Rxh2 29. Rf7+ 1-0

[Event "6th European Individual Chess Championship"]
[Site "Warsaw POL"]
[Date "2005.07.02"]
[EventDate "2005.07.02"]
[Round "1.2"]
[Result "0-1"]
[White "Karen Asrian"]
[Black "Vassily Ivanchuk"]
[WhiteElo "2611"]
[BlackElo "2739"]
[PlyCount "94"]

1. e4 c5 2. Nf3 d6 3. d4 cxd4 4. Nxd4 Nf6 5. Nc3 a6 6. Be3 e6
7. Be2 Be7 8. f4 O-O 9. O-O Qc7 10. a4 b6 11. Bf3 Bb7 12. g4
Nc6 13. g5 Nd7 14. Bg2 Rfe8 15. Nxc6 Bxc6 16. Rf3 b5 17. Rh3
bxa4 18. Nxa4 Rab8 19. b3 g6 20. Nc3 Bb7 21. Bf2 Bf8 22. Ra4
Rbc8 23. f5 Ne5 24. Bd4 Qd8 25. f6 Nc6 26. Bf2 Ne5 27. Ne2 Ng4
28. Ba7 Qc7 29. Rc4 Qa5 30. Rg3 Rxc4 31. bxc4 Ne5 32. Rb3 Qc7
33. c5 Bxe4 34. Bb6 Qc6 35. Nd4 Qd5 36. Bxe4 Qxe4 37. cxd6
Bxd6 38. Qe2 Qf4 39. Rg3 Nd7 40. Ba7 Qc1+ 41. Kg2 Bxg3
42. hxg3 Qxg5 43. Nf3 Qxf6 44. Qxa6 Ne5 45. Ng1 Qf5 46. Qb5
Qxc2+ 47. Ne2 Qc6+ 0-1

[Event "6th European Individual Championship"]
[Site "Warsaw POL"]
[Date "2005.06.27"]
[EventDate "2005.06.18"]
[Round "9"]
[Result "0-1"]
[White "Sergey Karjakin"]
[Black "Vassily Ivanchuk"]
[WhiteElo "2635"]
[BlackElo "2739"]
[PlyCount "76"]

1. e4 c5 2. Nf3 Nc6 3. d4 cxd4 4. Nxd4 g6 5. Nc3 Bg7 6. Be3
Nf6 7. Bc4 Qa5 8. O-O O-O 9. Nb3 Qc7 10. Bg5 a6 11. Be2 d6
12. Bxf6 exf6 13. Qd2 Ne7 14. Rad1 f5 15. Bf3 Be5 16. exf5
Bxf5 17. Nd4 Bd7 18. Nd5 Nxd5 19. Bxd5 Bc6 20. Bb3 Qb6 21. Kh1
Rad8 22. f4 Bf6 23. Nf3 a5 24. f5 a4 25. Bc4 Qxb2 26. fxg6
hxg6 27. Ng5 Rd7 28. Bd3 Kg7 29. Qf4 Rh8 30. Nf3 Qxa2 31. Rde1
Qb2 32. c3 Qxc3 33. Re3 Qc5 34. Be4 a3 35. Bxc6 bxc6 36. Re2
Ra7 37. g4 a2 38. g5 a1=Q 0-1

[Event "Aeroflot Open 2005"]
[Site "Moscow RUS"]
[Date "2005.02.21"]
[EventDate "2005.02.15"]
[Round "7"]
[Result "1-0"]
[White "Vassily Ivanchuk"]
[Black "Ni Hua"]
[WhiteElo "2711"]
[BlackElo "2625"]
[PlyCount "65"]

1. e4 c5 2. Nf3 Nc6 3. d4 cxd4 4. Nxd4 Nf6 5. Nc3 e5 6. Ndb5
d6 7. Bg5 a6 8. Na3 b5 9. Nd5 Qa5+ 10. Bd2 Qd8 11. Bd3 Nxd5
12. exd5 Ne7 13. c4 g6 14. cxb5 Bg7 15. O-O O-O 16. Bb4 a5
17. Bc3 Nxd5 18. Qf3 Nb6 19. Nc4 Be6 20. Bxa5 Bxc4 21. Bxb6
Qxb6 22. Bxc4 Rac8 23. Qb3 e4 24. a4 Bd4 25. a5 Qc5 26. Bd5
Rce8 27. Qc4 Qxc4 28. Bxc4 Re5 29. b6 Rc5 30. Ra4 d5 31. Be2
Be5 32. a6 Rc2 33. a7 1-0

[Event "Russian Club Cup"]
[Site "Sochi RUS"]
[Date "2006.04.26"]
[EventDate "2006.04.20"]
[Round "7"]
[Result "1-0"]
[White "Vassily Ivanchuk"]
[Black "Evgeny Alekseev"]
[WhiteElo "2731"]
[BlackElo "2640"]
[PlyCount "62"]

1. d4 Nf6 2. c4 e6 3. Nf3 b6 4. g3 Ba6 5. Nbd2 Bb4 6. Qc2 Bb7
7. Bg2 Be4 8. Qd1 Bxd2+ 9. Qxd2 O-O 10. O-O d6 11. b3 Nbd7
12. Bb2 Qe7 13. Rfd1 Rfd8 14. Qe3 Re8 15. Rd2 h6 16. Rad1 Rad8
17. b4 a6 18. Rc1 Bh7 19. Rdd1 e5 20. dxe5 dxe5 21. Qc3 c5
22. bxc5 bxc5 23. Nd2 Qe6 24. Nb3 Rc8 25. Qa5 Bg6 26. Ba3 Qf5
27. e4 Qg5 28. Qe1 Rc6 29. f3 Bh7 30. Rc2 h5 31. Bc1 Qg6 1-0

[Event "European Club Cup"]
[Site "Feugen AUT"]
[Date "2006.10.11"]
[EventDate "2006.10.08"]
[Round "4"]
[Result "1-0"]
[White "Vassily Ivanchuk"]
[Black "Pavel Eljanov"]
[WhiteElo "2741"]
[BlackElo "2658"]
[PlyCount "81"]

1. Nf3 c5 2. c4 Nc6 3. d4 cxd4 4. Nxd4 e6 5. g3 Bb4+ 6. Nc3
Qa5 7. Ndb5 Nf6 8. a3 Bxc3+ 9. Nxc3 Ne4 10. Bd2 Qf5 11. f4
Nxc3 12. Bxc3 Qe4 13. Rg1 Qe3 14. Rg2 O-O 15. Qd6 b6 16. g4
Ba6 17. Rg3 Qc5 18. Qxc5 bxc5 19. e4 f6 20. O-O-O e5 21. Rd6
exf4 22. Rf3 Rad8 23. Rxf4 Kf7 24. b4 Ke7 25. Rd5 cxb4
26. axb4 Bb7 27. c5 a6 28. Rd6 Rb8 29. Rf2 Ne5 30. Rfd2 Bc6
31. Bxa6 Nf7 32. R6d5 Bxd5 33. exd5 Ne5 34. b5 Ra8 35. g5 h6
36. gxf6+ gxf6 37. Bb4 Kf7 38. c6 Rg8 39. c7 Rg1+ 40. Kc2 Rg4
41. Kb3 1-0

[Event "Spanish Team Championship"]
[Site "Olite ESP"]
[Date "2006.09.06"]
[EventDate "2006.09.05"]
[Round "1"]
[Result "1-0"]
[White "Vassily Ivanchuk"]
[Black "Viktor Bologan"]
[WhiteElo "2734"]
[BlackElo "2645"]
[PlyCount "73"]

1. e4 e5 2. Nf3 Nc6 3. Bb5 Nf6 4. O-O Nxe4 5. d4 Nd6 6. Bxc6
dxc6 7. dxe5 Nf5 8. Qxd8+ Kxd8 9. Nc3 Ne7 10. h3 h6 11. Be3 b6
12. Rad1+ Ke8 13. Nd4 a6 14. Rfe1 Bb7 15. e6 Ng6 16. e7 Bxe7
17. Nf5 Bc8 18. Nxg7+ Kf8 19. Nh5 Be6 20. Ne2 Rd8 21. Rxd8+
Bxd8 22. Rd1 Ke8 23. Ng7+ Ke7 24. Nd4 Bd7 25. Ndf5+ Bxf5
26. Nxf5+ Ke6 27. Ng7+ Ke7 28. Nf5+ Ke6 29. Ng7+ Ke7 30. Bxh6
f6 31. Nf5+ Kf7 32. Be3 c5 33. Kf1 Ke6 34. Ng7+ Kf7 35. Rd7+
Ne7 36. Bf4 Rh7 37. Rxd8 1-0

[Event "Pivdenny Bank Chess Cup"]
[Site "Odessa UKR"]
[Date "2007.07.04"]
[EventDate "2007.07.04"]
[Round "3"]
[Result "0-1"]
[White "Boris Gelfand"]
[Black "Vassily Ivanchuk"]
[WhiteElo "2733"]
[BlackElo "2729"]
[PlyCount "98"]

1. d4 d5 2. c4 dxc4 3. e4 Nf6 4. e5 Nd5 5. Bxc4 Nb6 6. Bd3 Nc6
7. Ne2 Bg4 8. f3 Be6 9. Nbc3 Qd7 10. Ne4 Bd5 11. Nc5 Qc8
12. Nf4 e6 13. Be3 Nb4 14. Bb5+ c6 15. Be2 Bc4 16. Nh5 N6d5
17. Bg5 h6 18. Bc1 Bxe2 19. Qxe2 g6 20. Ng3 b6 21. Nb3 a5
22. a3 a4 23. axb4 axb3 24. Rxa8 Bxb4+ 25. Kf2 Qxa8 26. Ne4
Kd7 27. Qc4 Qa4 28. Bd2 Ra8 29. Qd3 Qa2 30. Bc1 Ra4 31. Kg3
Be7 32. Rd1 g5 33. Kg4 b5 34. g3 Rc4 35. Nd2 Rxc1 36. Rxc1
Qxb2 37. Rb1 Qa2 38. Rxb3 Bb4 39. Rxb4 Nxb4 40. Qh7 Ke7
41. Ne4 Qxh2 42. Nd6 h5+ 43. Qxh5 Qxh5+ 44. Kxh5 Nc2 45. Kxg5
Nxd4 46. f4 c5 47. g4 c4 48. Ne4 b4 49. f5 c3 0-1

[Event "Pivdenny Bank Chess Cup"]
[Site "Odessa UKR"]
[Date "2007.07.04"]
[EventDate "2007.07.04"]
[Round "2"]
[Result "0-1"]
[White "Vassily Ivanchuk"]
[Black "Alexander Grischuk"]
[WhiteElo "2729"]
[BlackElo "2717"]
[PlyCount "72"]

1. e4 c5 2. Nf3 d6 3. d4 cxd4 4. Nxd4 Nf6 5. Nc3 a6 6. Bc4 e6
7. Bb3 Nc6 8. Be3 Be7 9. Qe2 O-O 10. O-O-O Qc7 11. Rhg1 b5
12. g4 b4 13. Nd5 exd5 14. Nxc6 Qxc6 15. g5 Nxe4 16. Bxd5 Qa4
17. Bxe4 Be6 18. Rd4 Rac8 19. a3 a5 20. Bd3 g6 21. h4 Qb3
22. axb4 Qa2 23. Qd1 d5 24. bxa5 Qxa5 25. Qe1 Qa1+ 26. Kd2
Qxb2 27. Qc1 Qb8 28. Ke2 Bc5 29. Rf4 Rfe8 30. Bxc5 Bg4+
31. Kf1 Bh3+ 32. Rg2 Rxc5 33. h5 Qe5 34. Rh4 Qh2 35. Rxh3 Qxh3
36. hxg6 Qxd3+ 0-1

[Event "Pivdenny Bank Chess Cup"]
[Site "Odessa UKR"]
[Date "2007.07.05"]
[EventDate "2007.07.04"]
[Round "5"]
[Result "1-0"]
[White "Vassily Ivanchuk"]
[Black "Etienne Bacrot"]
[WhiteElo "2729"]
[BlackElo "2709"]
[PlyCount "93"]

1. e4 e5 2. Nf3 Nc6 3. Bb5 a6 4. Ba4 Nf6 5. O-O Be7 6. Re1 b5
7. Bb3 O-O 8. a4 Bb7 9. d3 d5 10. exd5 Nxd5 11. axb5 axb5
12. Rxa8 Bxa8 13. Nxe5 Nd4 14. Nd2 Bd6 15. c3 Nxb3 16. Nxb3 c5
17. d4 c4 18. Nc5 b4 19. Bd2 bxc3 20. bxc3 Bxc5 21. dxc5 Qc8
22. Qe2 Ne7 23. Be3 Nd5 24. Qxc4 Qf5 25. Bd4 Nf4 26. c6 Qg5
27. g3 Nh3+ 28. Kg2 Qf5 29. g4 Nf4+ 30. Kg3 Qg5 31. h4 Nh5+
32. Kg2 Nf4+ 33. Kf3 Qf6 34. Kg3 Ne6 35. Bb6 Rc8 36. f4 h5
37. f5 Nf8 38. Bd4 hxg4 39. Ng6 Qd6+ 40. Be5 Qd2 41. Ne7+ Kh7
42. Re2 Qd1 43. Qxf7 Qg1+ 44. Kf4 Qf1+ 45. Kg5 Qc1+ 46. Bf4
Ne6+ 47. Rxe6 1-0

[Event "Linares-Morelia"]
[Site "Morelia/Linares MEX/ESP"]
[Date "2007.02.25"]
[EventDate "2007.02.17"]
[Round "7"]
[Result "1-0"]
[White "Vassily Ivanchuk"]
[Black "Levon Aronian"]
[WhiteElo "2750"]
[BlackElo "2744"]
[PlyCount "97"]

1. d4 Nf6 2. c4 e6 3. Nf3 d5 4. Nc3 Bb4 5. Bg5 Nbd7 6. cxd5
exd5 7. Qc2 c5 8. a3 Bxc3+ 9. Qxc3 h6 10. Bxf6 Qxf6 11. e3 O-O
12. Be2 b6 13. O-O Bb7 14. Rfc1 Rac8 15. dxc5 Qxc3 16. Rxc3
Rxc5 17. Rcc1 Rfc8 18. Rd1 Rc2 19. Bb5 Nf8 20. Rab1 R2c7
21. Ba4 Ne6 22. Bb3 Kf8 23. h3 Rc5 24. Kh2 Ke7 25. Rd2 Rb5
26. Ba2 Rbc5 27. Ne1 a5 28. Rbd1 Rd8 29. Kg3 Rb5 30. f3 Rc8
31. Nd3 d4 32. Bxe6 Kxe6 33. Nf4+ Ke7 34. Rxd4 Rc7 35. R1d2
Rbc5 36. e4 Rc4 37. Rd6 R4c6 38. e5 Rc2 39. Rxc2 Rxc2 40. Rxb6
Bc6 41. b4 g5 42. Nh5 axb4 43. axb4 Bd5 44. Ng7 Re2 45. Nf5+
Ke8 46. Nxh6 Be6 47. Rb5 Rb2 48. Rb8+ Kd7 49. Rg8 1-0

[Event "42nd Capablanca Memorial"]
[Site "Havana CUB"]
[Date "2007.05.19"]
[EventDate "2007.05.18"]
[Round "2"]
[Result "1-0"]
[White "Vassily Ivanchuk"]
[Black "Jesus Nogueiras"]
[WhiteElo "2729"]
[BlackElo "2552"]
[PlyCount "57"]

1. c4 e6 2. Nf3 d5 3. d4 c6 4. e3 Bd6 5. Bd3 f5 6. O-O Nf6
7. b3 Qe7 8. Bb2 O-O 9. Qc1 b6 10. Ba3 Bb7 11. Bxd6 Qxd6
12. Nc3 Nbd7 13. cxd5 Nxd5 14. Rd1 Rac8 15. Bc4 N7f6 16. Qb2
Rfd8 17. h3 Nxc3 18. Qxc3 Ne4 19. Qb2 c5 20. dxc5 Qxd1+
21. Rxd1 Rxd1+ 22. Kh2 Rxc5 23. Bxe6+ Kf8 24. Bc4 b5 25. Be2
Rd6 26. Nd4 b4 27. Bc4 Bd5 28. Nxf5 Rf6 29. Qe5 1-0

[Event "42nd Capablanca Memorial"]
[Site "Havana CUB"]
[Date "2007.05.26"]
[EventDate "2007.05.18"]
[Round "8"]
[Result "0-1"]
[White "Walter Arencibia"]
[Black "Vassily Ivanchuk"]
[WhiteElo "2555"]
[BlackElo "2729"]
[PlyCount "80"]

1. e4 c5 2. Nf3 d6 3. d4 cxd4 4. Nxd4 Nf6 5. Nc3 a6 6. Be3 e6
7. a4 Nc6 8. Be2 Be7 9. O-O O-O 10. f4 Qc7 11. Kh1 Re8 12. Bf3
Rb8 13. Qd2 Bd7 14. Nb3 b6 15. g4 Bc8 16. g5 Nd7 17. Bg2 Na5
18. Bd4 Nc4 19. Qc1 Bb7 20. Nd2 Na5 21. Nf3 Rbc8 22. f5 Ne5
23. Qf4 Nac4 24. Nh4 Bf8 25. g6 fxg6 26. fxg6 h6 27. Ne2 Be7
28. Qg3 Nd2 29. Rf7 Nxe4 30. Qf4 Nf6 31. Bxe5 dxe5 32. Qf1
Bxg2+ 33. Qxg2 Qxc2 34. Rf1 Qe4 35. Nf3 Rc2 36. Nc3 Qd3
37. Qh3 e4 38. Ng1 Bd6 39. Rd1 Qxh3 40. Nxh3 Be5 0-1

[Event "World Chess Cup"]
[Site "Khanty-Mansiysk RUS"]
[Date "2007.12.02"]
[EventDate "2007.11.24"]
[Round "3.3"]
[Result "1-0"]
[White "Vassily Ivanchuk"]
[Black "Liviu Dieter Nisipeanu"]
[WhiteElo "2787"]
[BlackElo "2668"]
[PlyCount "75"]

1. d4 Nf6 2. Nf3 e6 3. c4 c5 4. d5 b5 5. Bg5 b4 6. a3 h6
7. Bh4 a5 8. axb4 cxb4 9. Nd4 Be7 10. Nb5 d6 11. c5 O-O
12. dxe6 dxc5 13. exf7+ Kxf7 14. Nd2 Kg8 15. e3 Ng4 16. Bg3
Bh4 17. Ne4 Bxg3 18. hxg3 Nc6 19. Qxd8 Rxd8 20. Nxc5 Nce5
21. Be2 Bf5 22. Nd4 Rac8 23. Rxa5 Rd5 24. Nxf5 Rdxc5 25. Rxc5
Rxc5 26. O-O Rc2 27. Bd1 Rxb2 28. f4 g6 29. Ne7+ Kg7 30. Nd5
b3 31. fxe5 Nxe5 32. Nc3 Rd2 33. Ne4 Rd3 34. Kf2 b2 35. Be2
Rb3 36. Rb1 h5 37. Nc5 Rc3 38. Ne6+ 1-0

[Event "Tal Memorial"]
[Site "Moscow RUS"]
[Date "2008.08.25"]
[EventDate "2008.08.18"]
[Round "7"]
[Result "1-0"]
[White "Vassily Ivanchuk"]
[Black "Alexander Morozevich"]
[WhiteElo "2781"]
[BlackElo "2788"]
[PlyCount "119"]

1. c4 Nf6 2. d4 g6 3. Nc3 d5 4. cxd5 Nxd5 5. e4 Nxc3 6. bxc3
Bg7 7. Bc4 c5 8. Ne2 O-O 9. O-O Nc6 10. Be3 Na5 11. Bb5 Bd7
12. Bd3 b6 13. Rb1 e5 14. dxc5 Ba4 15. Qd2 Qd7 16. cxb6 axb6
17. Nc1 Rfc8 18. Rxb6 Bf8 19. Ra6 Qb7 20. Rxa8 Qxa8 21. Nb3
Nxb3 22. axb3 Bxb3 23. Rb1 Qa3 24. h3 Be6 25. Rc1 Rd8 26. Qc2
Bb3 27. Qb1 Ba2 28. Qb5 Rc8 29. Qxe5 Bc5 30. Bxc5 Rxc5
31. Qb8+ Kg7 32. Qf4 Qb2 33. Qe3 f6 34. Bf1 Qxc1 35. Qxc5 Qe1
36. Qd4 g5 37. c4 Qc1 38. c5 Be6 39. f3 h5 40. Kf2 h4 41. Qe3
Qc2+ 42. Kg1 Bc4 43. Bxc4 Qxc4 44. Kh2 Kf7 45. Qa3 Ke6 46. Qa7
Qc1 47. Qb6+ Kf7 48. Qd6 Qf4+ 49. Qxf4 gxf4 50. Kg1 Ke6
51. Kf2 Kd7 52. Ke2 Kc6 53. Kd3 Kxc5 54. Kc3 Kd6 55. Kd4 Ke6
56. Kc4 Kd6 57. Kb5 Ke6 58. Kc6 Ke5 59. Kd7 f5 60. exf5 1-0

[Event "Chess Olympiad"]
[Site "Khanty-Mansiysk RUS"]
[Date "2010.09.25"]
[EventDate "2010.09.21"]
[Round "5"]
[Result "0-1"]
[White "Ivan Sokolov"]
[Black "Vassily Ivanchuk"]
[WhiteElo "2641"]
[BlackElo "2754"]
[PlyCount "50"]

1. d4 Nf6 2. c4 c5 3. d5 b5 4. Qc2 bxc4 5. e4 d6 6. Bxc4 g6
7. b3 Nxe4 8. Bb2 Qa5+ 9. Kf1 Nf6 10. Nc3 Bg7 11. Re1 Qd8
12. Qe2 Nbd7 13. h4 Ne5 14. Bb5+ Bd7 15. f4 Nh5 16. Bxd7+ Qxd7
17. Qe3 Qf5 18. Nh3 Qd3+ 19. Kg1 Qxe3+ 20. Rxe3 Ng4 21. Rf3
Bd4+ 22. Kf1 Ne3+ 23. Ke2 Nxg2 24. Ng5 h6 25. Nge4 Ngxf4+ 0-1